000 00402nam a2200157Ia 4500
008 210716s1999 xx 000 0 und d
020 _a053886818X
041 _aeng
082 _a330 GOTF
100 _aGottheil, Fred.
245 _aPrinciples of economics.
250 _a2
260 _aNew Jersey
_bSouth western college publishing
_c1999
300 _axxxii,750,I-14
650 _aEconomics(330)
999 _c202207
_d202207